[Event "Madrid-ch Seniors 50"]
[Site "Madrid"]
[Date "2020.01.23"]
[Round "9"]
[White "Campos Calvo, Sotelo Juan"]
[Black "Corredor Gonzalez, Angel L"]
[Result "0-1"]
[WhiteElo "1850"]
[BlackElo "1733"]
[PlyCount "110"]
[EventDate "2020.01.13"]
[EventType "swiss"]
[EventRounds "9"]
[EventCountry "ESP"]
[SourceTitle "CBM 194 Extra"]
[Source "ChessBase"]
[SourceDate "2020.03.31"]
[SourceVersion "1"]
[SourceVersionDate "2020.03.31"]
[SourceQuality "1"]

1. b4 d5 2. e3 Nf6 3. c4 d4 4. c5 e5 5. Nf3 Bg4 6. Qb3 Bxf3 7. gxf3 b6 8. Bc4 Qd7 9. cxb6 axb6 10. a4 Bd6 11. Na3 0-0 12. b5 Qh3 13. Ke2 Qg2 14. Bb2 e4 15. Rag1 Qxf3+ 16. Ke1 d3 17. Qd1 Qxd1+ 18. Kxd1 Nbd7 19. Bb3 Be5 20. Kc1 Bxb2+ 21. Kxb2 Nc5 22. Rg5 Nxa4+ 23. Bxa4 Rxa4 24. Kb3 Rfa8 25. Nc4 Nd7 26. Rhg1 g6 27. h4 Nc5+ 28. Kc3 Ra1 29. h5 Rxg1 30. Rxg1 Kg7 31. hxg6 fxg6 32. Kd4 Rf8 33. Rg2 Kf6 34. Kd5 h5 35. Kc6 Rf7 36. Rh2 Rh7 37. f3 g5 38. fxe4 Nxe4 39. Nb2 Nc5 40. Rf2+ Kg6 41. Nc4 g4 42. Ne5+ Kg5 43. Rg2 Kh4 44. Ng6+ Kg5 45. Ne5 Rh6+ 46. Kxc7 Rf6 47. Nc6 h4 48. Kxb6 Ne4 49. Kc7 g3 50. b6 h3 51. b7 Rf7+ 52. Kb6 Rxb7+ 53. Kxb7 hxg2 54. Ne5 Nxd2 55. Kc6 g1Q 0-1

[Event "Madrid-ch Seniors 65"]
[Site "Madrid"]
[Date "2019.01.25"]
[Round "5"]
[White "Corredor Gonzalez, Angel L"]
[Black "Perez Gonzalez, Jesus Miguel"]
[Result "1-0"]
[WhiteElo "1709"]
[BlackElo "1668"]
[PlyCount "85"]
[EventDate "2019.01.21"]
[EventType "swiss"]
[EventRounds "7"]
[EventCountry "ESP"]
[SourceTitle "CBM 188 Extra"]
[Source "ChessBase"]
[SourceDate "2019.02.26"]
[SourceVersion "1"]
[SourceVersionDate "2019.02.26"]
[SourceQuality "1"]

1. e4 g6 2. d4 Bg7 3. Nc3 d6 4. Bc4 Nf6 5. Bg5 0-0 6. Nge2 c6 7. 0-0 b5 8. Bb3 b4 9. Bxf6 Bxf6 10. Nb1 a5 11. a4 Nd7 12. f4 Qb6 13. Kh1 Ba6 14. e5 Bg7 15. e6 Nf6 16. exf7+ Kh8 17. Nd2 d5 18. f5 Rxf7 19. fxg6 hxg6 20. Nf3 Ng4 21. Qe1 Kg8 22. h3 Ne3 23. Rf2 Raf8 24. c3 Nf5 25. Bc2 Bxe2 26. Bxf5 Bxf3 27. Be6 Kh7 28. Bxf7 Rxf7 29. Rxf3 Rxf3 30. gxf3 Qc7 31. Qh4+ Kg8 32. Qg4 Qd6 33. Re1 Kf7 34. Kg2 Bh6 35. Re2 Bc1 36. h4 Kf6 37. h5 gxh5 38. Qxh5 Bf4 39. Qh8+ Kf7 40. Qh7+ Ke8 41. Qf5 Bc1 42. Re6 Qc7 43. Rg6 1-0

[Event "Madrid-ch Previa-A"]
[Site "Madrid"]
[Date "2018.02.07"]
[Round "3"]
[White "Perez Diez, Victor"]
[Black "Corredor Gonzalez, Angel L"]
[Result "1-0"]
[WhiteElo "1912"]
[BlackElo "1745"]
[PlyCount "55"]
[EventDate "2018.02.05"]
[EventType "swiss"]
[EventRounds "9"]
[EventCountry "ESP"]
[SourceTitle "EXT 2020"]
[Source "ChessBase"]
[SourceDate "2019.10.17"]
[SourceVersion "1"]
[SourceVersionDate "2019.10.17"]
[SourceQuality "1"]

1. e4 e5 2. Nc3 Nf6 3. f4 d6 4. Nf3 Nc6 5. Bb5 Bg4 6. h3 Bxf3 7. Qxf3 Be7 8. d3 0-0 9. Ne2 Nb4 10. Ba4 b5 11. Bb3 a5 12. a4 bxa4 13. Bxa4 Qb8 14. 0-0 Qb7 15. c3 Na6 16. Ng3 Nc5 17. Nf5 Bd8 18. fxe5 dxe5 19. Qg3 Nh5 20. Nh6+ Kh8 21. Nxf7+ Rxf7 22. Rxf7 Bf6 23. Qf3 Nf4 24. Bxf4 exf4 25. e5 Qxf3 26. gxf3 Bxe5 27. Bc6 Ra6 28. Rf8# 1-0

[Event "Madrid-ch Seniors 65 1718"]
[Site "Madrid"]
[Date "2018.01.30"]
[Round "7"]
[White "Lopez Heras, Arturo"]
[Black "Corredor Gonzalez, Angel L"]
[Result "1-0"]
[WhiteElo "1859"]
[BlackElo "1745"]
[PlyCount "47"]
[EventDate "2018.01.22"]
[EventType "swiss"]
[EventRounds "7"]
[EventCountry "ESP"]
[SourceTitle "EXT 2020"]
[Source "ChessBase"]
[SourceDate "2019.10.17"]
[SourceVersion "1"]
[SourceVersionDate "2019.10.17"]
[SourceQuality "1"]

1. e4 e5 2. Nf3 Nf6 3. Nxe5 d6 4. Nf3 Nxe4 5. d4 d5 6. Be2 Bd6 7. 0-0 0-0 8. c4 c6 9. cxd5 cxd5 10. Nc3 Nxc3 11. bxc3 Nc6 12. Bd3 Re8 13. Bxh7+ Kxh7 14. Ng5+ Kg6 15. f4 f6 16. f5+ Bxf5 17. Rxf5 fxg5 18. Qg4 Re1+ 19. Kf2 Rxc1 20. Rxc1 Be7 21. Re1 Qd6 22. Rf3 Bf6 23. h4 Nd8 24. hxg5 1-0

[Event "Madrid-ch Seniors 65 1718"]
[Site "Madrid"]
[Date "2018.01.29"]
[Round "6"]
[White "Corredor Gonzalez, Angel L"]
[Black "Martinez Carrasco, Jesus"]
[Result "1-0"]
[WhiteElo "1745"]
[BlackElo "1568"]
[PlyCount "69"]
[EventDate "2018.01.22"]
[EventType "swiss"]
[EventRounds "7"]
[EventCountry "ESP"]
[SourceTitle "EXT 2020"]
[Source "ChessBase"]
[SourceDate "2019.10.17"]
[SourceVersion "1"]
[SourceVersionDate "2019.10.17"]
[SourceQuality "1"]

1. e4 c5 2. Nc3 d6 3. f4 e6 4. Nf3 Nc6 5. a3 a6 6. Bc4 Nf6 7. 0-0 Be7 8. d3 Qc7 9. e5 dxe5 10. fxe5 Nxe5 11. Nxe5 Qxe5 12. Qf3 Qc7 13. Ne4 Bd7 14. Bf4 Qc6 15. Be5 b5 16. Ba2 c4 17. Bxf6 gxf6 18. Nxf6+ Bxf6 19. Qxf6 Rf8 20. dxc4 bxc4 21. Rad1 Qc5+ 22. Kh1 Bb5 23. c3 Bc6 24. Rd4 Bd5 25. Bb1 Qe7 26. Qf2 Rg8 27. Rxd5 Rb8 28. Rd2 Rb5 29. Be4 Rbg5 30. Bc6+ Kf8 31. Rd8+ Kg7 32. Rd7 Qxd7 33. Bxd7 Rf5 34. Qd4+ e5 35. Qg4+ 1-0

[Event "Madrid-ch Seniors 65 1718"]
[Site "Madrid"]
[Date "2018.01.26"]
[Round "5"]
[White "Perez Cameselle, Francisco Jose"]
[Black "Corredor Gonzalez, Angel L"]
[Result "1-0"]
[WhiteElo "1778"]
[BlackElo "1745"]
[PlyCount "73"]
[EventDate "2018.01.22"]
[EventType "swiss"]
[EventRounds "7"]
[EventCountry "ESP"]
[SourceTitle "EXT 2020"]
[Source "ChessBase"]
[SourceDate "2019.10.17"]
[SourceVersion "1"]
[SourceVersionDate "2019.10.17"]
[SourceQuality "1"]

1. e4 e5 2. Nf3 Nf6 3. d4 Nxe4 4. Nxe5 Nc6 5. Bd3 Nxf2 6. Kxf2 Qh4+ 7. Kf1 Qxd4 8. Nf3 Qc5 9. Qe2+ Be7 10. Bg5 f6 11. Be3 Qh5 12. Nd4 Qxe2+ 13. Kxe2 0-0 14. Nxc6 dxc6 15. Nc3 Re8 16. Kf2 Bd6 17. Rhe1 f5 18. g3 Rf8 19. Kg2 b5 20. Be2 b4 21. Na4 Be6 22. Bf3 Bd5 23. Bxd5+ cxd5 24. Rad1 c6 25. Bc5 Bxc5 26. Nxc5 f4 27. gxf4 Rxf4 28. Nd3 Rg4+ 29. Kh3 h5 30. Ne5 Rf4 31. Rf1 Re4 32. Rde1 Rxe1 33. Rxe1 Re8 34. Nd3 Rxe1 35. Nxe1 Kf7 36. Nd3 Kf6 37. Nxb4 1-0

[Event "Madrid-ch Seniors 65"]
[Site "Madrid"]
[Date "2017.01.30"]
[Round "7"]
[White "Corredor Gonzalez, Angel L"]
[Black "Mayer Schwartz, Rene"]
[Result "0-1"]
[WhiteElo "1708"]
[BlackElo "2032"]
[PlyCount "84"]
[EventDate "2017.01.20"]
[EventType "swiss"]
[EventRounds "7"]
[EventCountry "ESP"]
[SourceTitle "CBM 176 Extra"]
[Source "ChessBase"]
[SourceDate "2017.03.02"]
[SourceVersion "1"]
[SourceVersionDate "2017.03.02"]
[SourceQuality "1"]

1. e4 e5 2. Nf3 Nc6 3. Bc4 Bc5 4. 0-0 Qf6 5. Nc3 Nge7 6. d3 d6 7. Bg5 Qg6 8. Qd2 h6 9. Be3 Bh3 10. Nh4 Qg4 11. Bxc5 dxc5 12. Qe3 Qxh4 13. Qxh3 Qxh3 14. gxh3 Nd4 15. Rac1 c6 16. f4 b5 17. Bb3 b4 18. Na4 Ne2+ 19. Kg2 Nxc1 20. Rxc1 exf4 21. Nxc5 Rd8 22. Na6 Rd4 23. h4 h5 24. Kf3 Ng6 25. Ba4 Kd7 26. Nc5+ Kc7 27. Nb3 Rd6 28. d4 Rf6 29. e5 Nxh4+ 30. Ke4 Rg6 31. Na5 f3 32. Nxc6 Rxc6 33. Bxc6 Kxc6 34. d5+ Kd7 35. Kf4 Rc8 36. c3 Rc4+ 37. Kg3 g5 38. h3 bxc3 39. Rxc3 Rxc3 40. bxc3 g4 41. hxg4 hxg4 42. c4 Ng6 0-1

[Event "Madrid-ch Seniors 65"]
[Site "Madrid"]
[Date "2017.01.23"]
[Round "2"]
[White "Campos Calvo, Sotelo Juan"]
[Black "Corredor Gonzalez, Angel L"]
[Result "0-1"]
[WhiteElo "1896"]
[BlackElo "1708"]
[PlyCount "70"]
[EventDate "2017.01.20"]
[EventType "swiss"]
[EventRounds "7"]
[EventCountry "ESP"]
[SourceTitle "CBM 176 Extra"]
[Source "ChessBase"]
[SourceDate "2017.03.02"]
[SourceVersion "1"]
[SourceVersionDate "2017.03.02"]
[SourceQuality "1"]

1. b4 e5 2. a3 d5 3. e3 Nf6 4. c4 d4 5. c5 b6 6. cxb6 axb6 7. Bb2 c5 8. bxc5 bxc5 9. exd4 cxd4 10. Nf3 Bd6 11. Bb5+ Bd7 12. Qe2 0-0 13. 0-0 Qb6 14. a4 Bxb5 15. Qxb5 Nbd7 16. Na3 Ra5 17. Qxb6 Nxb6 18. Nb5 Bb8 19. Ba3 Rc8 20. Nd6 Rc2 21. Rab1 Nfd7 22. Rfe1 f6 23. Nxd4 Ra2 24. Nc6 Bxd6 25. Bxd6 R5xa4 26. d4 exd4 27. Nd8 h5 28. f4 d3 29. f5 d2 30. Red1 Rd4 31. Bc7 Nc4 32. Nc6 Re4 33. Bg3 Ne3 34. Bf2 Nxd1 35. Rxd1 Rc2 0-1

[Event "Madrid-ch Seniors 65"]
[Site "Madrid"]
[Date "2017.01.20"]
[Round "1"]
[White "Corredor Gonzalez, Angel L"]
[Black "Martin Rodriguez, Jose Luis"]
[Result "1-0"]
[WhiteElo "1708"]
[BlackElo "1327"]
[PlyCount "41"]
[EventDate "2017.01.20"]
[EventType "swiss"]
[EventRounds "7"]
[EventCountry "ESP"]
[SourceTitle "CBM 176 Extra"]
[Source "ChessBase"]
[SourceDate "2017.03.02"]
[SourceVersion "1"]
[SourceVersionDate "2017.03.02"]
[SourceQuality "1"]

1. e4 e6 2. d4 d5 3. exd5 exd5 4. c4 dxc4 5. Bxc4 Nf6 6. Nf3 Be7 7. Nc3 0-0 8. 0-0 Re8 9. Ng5 Rf8 10. Qb3 Qe8 11. Nb5 Na6 12. Re1 Bd7 13. Nc3 Nb8 14. Bf4 h6 15. Nf3 Qc8 16. Rxe7 Nc6 17. Rxf7 Kh7 18. Qc2+ Kh8 19. Qg6 Rg8 20. Bxh6 Ne8 21. Bxg7+ 1-0

[Event "Madrid-ch Seniors"]
[Site "Madrid"]
[Date "2016.01.23"]
[Round "2"]
[White "Ortega Morales, Pedro"]
[Black "Corredor Gonzalez, Angel L"]
[Result "1-0"]
[WhiteElo "1747"]
[BlackElo "1780"]
[PlyCount "89"]
[EventDate "2016.01.22"]
[EventType "swiss"]
[EventRounds "7"]
[EventCountry "ESP"]
[SourceTitle "EXT 2017"]
[Source "ChessBase"]
[SourceDate "2016.10.25"]
[SourceVersion "1"]
[SourceVersionDate "2016.10.25"]
[SourceQuality "1"]

1. d4 Nf6 2. Bf4 e6 3. e3 b6 4. Nd2 Bb7 5. Ngf3 c5 6. c3 Nc6 7. Be2 Rc8 8. 0-0 Nh5 9. Bg5 f6 10. Bh4 g6 11. dxc5 Bxc5 12. Ne4 Be7 13. Nd6+ Bxd6 14. Qxd6 Qe7 15. Rad1 Qxd6 16. Rxd6 Ke7 17. Rfd1 Rcd8 18. b4 Ng7 19. b5 Nb8 20. R6d2 Nf5 21. Bg3 Nxg3 22. hxg3 a6 23. Rd6 axb5 24. Rxb6 Bd5 25. a3 Bc4 26. Bxc4 bxc4 27. Nd4 e5 28. Nc2 d6 29. Nb4 Rd7 30. a4 Rhd8 31. Rxb8 Rxb8 32. Nc6+ Ke6 33. Nxb8 Rb7 34. Nc6 Rb3 35. Rc1 Ra3 36. a5 Kd7 37. Nb4 Rxa5 38. Kf1 d5 39. Ke2 Kd6 40. Rd1 Rb5 41. Ra1 d4 42. Ra6+ Kd7 43. Kd2 Ke7 44. exd4 exd4 45. Nc6+ 1-0

[Event "Madrid-ch Seniors"]
[Site "Madrid"]
[Date "2016.01.15"]
[Round "5"]
[White "Corredor Gonzalez, Angel L"]
[Black "Veuthey Martinez, Eloy"]
[Result "1-0"]
[WhiteElo "1780"]
[BlackElo "1536"]
[PlyCount "87"]
[EventDate "2016.01.11"]
[EventType "swiss"]
[EventRounds "9"]
[EventCountry "ESP"]
[SourceTitle "EXT 2017"]
[Source "ChessBase"]
[SourceDate "2016.10.25"]
[SourceVersion "1"]
[SourceVersionDate "2016.10.25"]
[SourceQuality "1"]

1. e4 d6 2. d4 Nf6 3. Nc3 e5 4. d5 Be7 5. f4 exf4 6. Bxf4 0-0 7. Nf3 Nbd7 8. Be2 Re8 9. 0-0 Bf8 10. Nd2 Nc5 11. Bf3 a5 12. Bg5 g6 13. Nc4 Bd7 14. Qd4 Bg7 15. e5 h6 16. exf6 hxg5 17. fxg7 b5 18. Ne3 Re5 19. Bg4 f5 20. Be2 Qe7 21. Bxb5 Rxe3 22. Bxd7 Nxd7 23. Nb5 Re2 24. Qc3 Qe3+ 25. Qxe3 Rxe3 26. Rfe1 Rae8 27. Rxe3 Rxe3 28. Nxc7 Re2 29. Rc1 Kxg7 30. Ne8+ Kf7 31. Nxd6+ Ke7 32. Nc4 Nf6 33. d6+ Kd7 34. Nxa5 Kxd6 35. Nc4+ Kc5 36. b3 Ne4 37. Kf1 Rf2+ 38. Kg1 g4 39. a4 f4 40. a5 Kb5 41. Ra1 Ka6 42. b4 Rxc2 43. b5+ Kxb5 44. Na3+ 1-0

[Event "Madrid-ch Seniors"]
[Site "Madrid"]
[Date "2016.01.14"]
[Round "4"]
[White "Martinez Carrasco, Jesus"]
[Black "Corredor Gonzalez, Angel L"]
[Result "1-0"]
[WhiteElo "1561"]
[BlackElo "1780"]
[PlyCount "87"]
[EventDate "2016.01.11"]
[EventType "swiss"]
[EventRounds "9"]
[EventCountry "ESP"]
[SourceTitle "EXT 2017"]
[Source "ChessBase"]
[SourceDate "2016.10.25"]
[SourceVersion "1"]
[SourceVersionDate "2016.10.25"]
[SourceQuality "1"]

1. d4 Nf6 2. c4 e5 3. dxe5 Ng4 4. Nf3 Bc5 5. e3 Nc6 6. Qd5 Qe7 7. Nc3 Ncxe5 8. Nxe5 Nxe5 9. Be2 d6 10. h3 c6 11. Qd1 Be6 12. b3 0-0 13. 0-0 Rad8 14. Na4 Bb4 15. Bd2 Bxd2 16. Qxd2 Qh4 17. f4 Bxh3 18. Qe1 Qh6 19. Qg3 Bxg2 20. Kxg2 Nd7 21. Bd3 f5 22. Rh1 Qe6 23. Qh3 h6 24. Kf2 Rde8 25. Rag1 Rf6 26. Qg3 Re7 27. Re1 Rg6 28. Qf3 Nf6 29. Ke2 Ng4 30. Kd2 Nf6 31. Rhg1 Ne4+ 32. Kc2 Qf6 33. Rxg6 Qxg6 34. Re2 Qg1 35. Bxe4 fxe4 36. Qg2 Qxg2 37. Rxg2 h5 38. Rg5 h4 39. Rh5 Kf7 40. Nc3 Re6 41. Rxh4 Kf6 42. Kd2 Kf5 43. Rh5+ Kg4 44. Rg5+ 1-0

[Event "Madrid-ch Seniors"]
[Site "Madrid"]
[Date "2016.01.13"]
[Round "3"]
[White "Corredor Gonzalez, Angel L"]
[Black "Sanchez Lucena, Juan"]
[Result "1-0"]
[WhiteElo "1780"]
[BlackElo "1440"]
[PlyCount "62"]
[EventDate "2016.01.11"]
[EventType "swiss"]
[EventRounds "9"]
[EventCountry "ESP"]
[SourceTitle "EXT 2017"]
[Source "ChessBase"]
[SourceDate "2016.10.25"]
[SourceVersion "1"]
[SourceVersionDate "2016.10.25"]
[SourceQuality "1"]

1. e4 e6 2. d4 d5 3. Nc3 c5 4. Nf3 dxe4 5. Nxe4 Nc6 6. Nxc5 Bxc5 7. dxc5 Qxd1+ 8. Kxd1 Nf6 9. Bb5 Ne4 10. Be3 Bd7 11. Bd3 Nf6 12. c3 0-0 13. Ke2 Rad8 14. Bg5 Rc8 15. Rhd1 Nb8 16. Bxf6 gxf6 17. b4 Bc6 18. Kf1 Kh8 19. Nd4 Be8 20. Be4 Nc6 21. a4 Nxd4 22. cxd4 Bc6 23. Bxc6 bxc6 24. b5 cxb5 25. axb5 Rc7 26. Ra4 Rd8 27. Rda1 Kg7 28. Rxa7 Rxa7 29. Rxa7 Rxd4 30. c6 Rc4 31. c7 Rc5 1-0

[Event "Madrid-ch Seniors 20th"]
[Site "Madrid"]
[Date "2015.01.13"]
[Round "6"]
[White "Corredor Gonzalez, Angel L"]
[Black "Gil Sierra, Jacinto"]
[Result "0-1"]
[WhiteElo "1746"]
[BlackElo "1980"]
[PlyCount "44"]
[EventDate "2015.01.07"]
[EventType "swiss"]
[EventRounds "9"]
[EventCountry "ESP"]
[SourceTitle "CBM 164 Extra"]
[Source "ChessBase"]
[SourceDate "2015.03.02"]
[SourceVersion "1"]
[SourceVersionDate "2015.03.02"]
[SourceQuality "1"]

1. e4 c5 2. Nc3 Nc6 3. Bb5 Nd4 4. a4 g6 5. Nf3 Bg7 6. Nxd4 cxd4 7. Ne2 e6 8. f4 Qh4+ 9. g3 Qh3 10. d3 Qg2 11. Kd2 a6 12. Bc4 d5 13. exd5 exd5 14. Bb3 Bh3 15. Qg1 Qf3 16. Nxd4 Bxd4 17. Qxd4 Qxh1 18. Qe5+ Be6 19. c4 0-0-0 20. c5 Ne7 21. Kc2 Nc6 22. Qe3 Bf5 0-1

[Event "Madrid-ch Previa-A"]
[Site "Madrid"]
[Date "2014.02.17"]
[Round "7"]
[White "Martin Rodriguez, Jose Luis"]
[Black "Corredor Gonzalez, Angel L"]
[Result "0-1"]
[WhiteElo "1385"]
[BlackElo "1750"]
[PlyCount "82"]
[EventDate "2014.02.03"]
[EventType "swiss"]
[EventRounds "9"]
[EventCountry "ESP"]
[SourceTitle "EXT 2015"]
[Source "ChessBase"]
[SourceDate "2014.11.20"]
[SourceVersion "1"]
[SourceVersionDate "2014.11.20"]
[SourceQuality "1"]

1. e4 e5 2. Nf3 Nf6 3. Nxe5 d6 4. Nf3 Nxe4 5. d4 d5 6. Bd3 Nc6 7. 0-0 Be7 8. Nbd2 Nxd2 9. Bxd2 Bg4 10. c3 0-0 11. Re1 Bf6 12. h3 Bh5 13. Bf5 h6 14. Qe2 Ne7 15. Bc2 Nc8 16. Bf4 Nd6 17. g4 Re8 18. Qf1 Bg6 19. Bxg6 fxg6 20. Qd3 Ne4 21. Ne5 Bxe5 22. Bxe5 Qh4 23. Rxe4 dxe4 24. Qxe4 Kh7 25. Qg2 c6 26. Rf1 Rf8 27. f4 Rf7 28. f5 Qg5 29. fxg6+ Qxg6 30. Rxf7 Qxf7 31. Qe4+ g6 32. h4 Rf8 33. Qg2 Qxa2 34. h5 Qb1+ 35. Kh2 g5 36. Qe2 Rf1 37. Bd6 Rh1+ 38. Kg3 Qg1+ 39. Kf3 Rh3+ 40. Ke4 Qh1+ 41. Kf5 Qd5+ 0-1

[Event "Madrid-ch Previa-A"]
[Site "Madrid"]
[Date "2014.02.10"]
[Round "4"]
[White "Corredor Gonzalez, Angel L"]
[Black "Buergo Villanueva, Fernando"]
[Result "1-0"]
[WhiteElo "1750"]
[BlackElo "1321"]
[PlyCount "55"]
[EventDate "2014.02.03"]
[EventType "swiss"]
[EventRounds "9"]
[EventCountry "ESP"]
[SourceTitle "EXT 2015"]
[Source "ChessBase"]
[SourceDate "2014.11.20"]
[SourceVersion "1"]
[SourceVersionDate "2014.11.20"]
[SourceQuality "1"]

1. e4 c6 2. Nc3 d5 3. Nf3 Bg4 4. h3 Bh5 5. exd5 cxd5 6. Bb5+ Nd7 7. Nxd5 e6 8. Nf4 Bxf3 9. Qxf3 a6 10. Ba4 b5 11. Bb3 Ngf6 12. 0-0 Be7 13. Re1 Nc5 14. Qc6+ Nfd7 15. d4 Rc8 16. Qf3 Nxb3 17. Qxb3 Rc4 18. c3 Qb6 19. Be3 Qb7 20. a4 b4 21. Qxc4 Qe4 22. Qc8+ Bd8 23. Nxe6 fxe6 24. Bg5 Qxe1+ 25. Rxe1 Kf7 26. Qxd7+ Kg6 27. Qxe6+ Kxg5 28. Re5+ 1-0

[Event "Madrid-ch Seniors"]
[Site "Madrid"]
[Date "2014.01.08"]
[Round "2"]
[White "Corredor Gonzalez, Angel L"]
[Black "Serrano Martinez, Antonio"]
[Result "0-1"]
[WhiteElo "1771"]
[BlackElo "2036"]
[PlyCount "68"]
[EventDate "2014.01.07"]
[EventType "swiss"]
[EventRounds "9"]
[EventCountry "ESP"]
[SourceTitle "CBM 158 Extra"]
[Source "ChessBase"]
[SourceDate "2014.02.28"]
[SourceVersion "1"]
[SourceVersionDate "2014.02.28"]
[SourceQuality "1"]

1. e4 c5 2. Nf3 Nc6 3. d4 cxd4 4. Nxd4 Nf6 5. Nc3 d6 6. Be3 a6 7. Be2 e6 8. 0-0 Be7 9. f4 0-0 10. Nb3 b5 11. Bf3 Bb7 12. Qe2 Qc7 13. Qf2 Nd7 14. f5 Nce5 15. Qg3 exf5 16. Bh6 Bf6 17. Nd4 Qb6 18. Rad1 Nxf3+ 19. gxf3 Bxd4+ 20. Kh1 Kh8 21. Bf4 Be5 22. exf5 Bxf4 23. Qxf4 Ne5 24. Ne4 Bxe4 25. fxe4 f6 26. h4 Rac8 27. Rd2 Rc6 28. h5 h6 29. Rg2 Nf7 30. Rg3 Ng5 31. Rf2 Qd4 32. Rfg2 Rxc2 33. Rxc2 Qd1+ 34. Kg2 Qxc2+ 0-1

[Event "Madrid-ch Seniors"]
[Site "Madrid"]
[Date "2012.01.16"]
[Round "1"]
[White "Cabanas Bravo, Juan Andres"]
[Black "Corredor Gonzalez, Angel L"]
[Result "1-0"]
[WhiteElo "2087"]
[BlackElo "1751"]
[PlyCount "65"]
[EventDate "2012.01.16"]
[EventType "swiss"]
[EventRounds "9"]
[EventCountry "ESP"]
[SourceTitle "EXT 2014"]
[Source "ChessBase"]
[SourceDate "2013.11.20"]
[SourceVersion "1"]
[SourceVersionDate "2013.11.20"]
[SourceQuality "1"]

1. e4 e5 2. d4 exd4 3. c3 dxc3 4. Bc4 Nf6 5. Nf3 Bc5 6. 0-0 0-0 7. Nxc3 h6 8. e5 Nh7 9. Ne4 Be7 10. Qb3 Nc6 11. Bd2 b6 12. Rad1 Bb7 13. Rfe1 Qc8 14. h4 a5 15. a4 Nb4 16. Nd4 Bxh4 17. Nf5 d5 18. Nxh4 dxc4 19. Qg3 Qe6 20. Bc3 Kh8 21. f4 g6 22. Rd7 Nd5 23. Rxf7 Rg8 24. Rf6 Nhxf6 25. Nxf6 g5 26. f5 gxh4 27. Qxh4 Nxf6 28. Qxh6+ Nh7 29. Qxe6 Bxg2 30. Kf2 Raf8 31. Rg1 Be4 32. Rxg8+ Rxg8 33. Qh6 1-0

[Event "ESP-ch Veterans"]
[Site "Madrid"]
[Date "2010.02.17"]
[Round "8"]
[White "Cortijo Manso, Luis"]
[Black "Corredor Gonzalez, Angel L"]
[Result "0-1"]
[WhiteElo "1614"]
[BlackElo "1769"]
[PlyCount "82"]
[EventDate "2010.02.08"]
[EventType "swiss"]
[EventRounds "9"]
[EventCountry "ESP"]
[SourceTitle "CBM 134 Extra"]
[Source "ChessBase"]
[SourceDate "2010.03.03"]
[SourceVersion "1"]
[SourceVersionDate "2010.03.03"]
[SourceQuality "1"]

1. e4 e5 2. Nf3 Nf6 3. Nxe5 d6 4. Nf3 Nxe4 5. Nc3 Nxc3 6. bxc3 Be7 7. Be2 0-0 8. 0-0 Nc6 9. d4 Bf6 10. Be3 Ne7 11. Qd2 Nd5 12. Bg5 Nxc3 13. Bxf6 Nxe2+ 14. Qxe2 Qxf6 15. Rfe1 Be6 16. h3 a6 17. c3 Rfe8 18. Rab1 b5 19. a3 Bd7 20. Qd2 Bxh3 21. Rxe8+ Rxe8 22. Re1 Rxe1+ 23. Qxe1 Bd7 24. Qe4 c6 25. Qc2 Qe6 26. Qd3 h6 27. a4 Qf5 28. Qd1 Be6 29. Qa1 Bd5 30. Ne1 Qe4 31. axb5 axb5 32. Qc1 c5 33. Qe3 b4 34. dxc5 dxc5 35. cxb4 cxb4 36. Qd2 b3 37. f3 Qc4 38. Qb2 Bc6 39. Qd2 Bb5 40. Qd8+ Kh7 41. Qe7 b2 0-1